| 000 | 00519nam a22001697a 4500 | ||
|---|---|---|---|
| 005 | 20231110081503.0 | ||
| 008 | 231110b |||||||| |||| 00| 0 eng d | ||
| 020 | _a0409051780 | ||
| 041 | _aEnglish | ||
| 082 | _a346.1 LAW | ||
| 100 | _lEnglish | ||
| 245 |
_aThe Law of Children and Young Persons / _cedited by JA Robinson |
||
| 260 |
_aDurban : _bButterworth Publishers (Pty) Ltd, _c1997 |
||
| 300 |
_bxix, 385 pages ; _c25 cm. |
||
| 650 |
_aLegal practice _bLaw |
||
| 942 |
_cBK _6ALISON_BN_VRIES |
||
| 999 |
_c516 _d516 |
||